Five-Letter Biblical Figures Quiz Stats

 Plays Quiz Updated Jan 31, 2018

Also try: Bible Top 200
Challenge
Share
Tweet
Embed
Score 0/20 Timer 04:00
3 Plays Today
% Correct
Moses
90.9%
David
89.3%
Jonah
88.5%
Judas
88.3%
Jesus
87.9%
Herod
86.4%
Peter
86.1%
Naomi
82.9%
Isaac
79.8%
Aaron
75.6%
% Correct
Judah
75.3%
James
72.2%
Jacob
68.7%
Hagar
62.6%
Uriah
56%
Hosea
55.3%
Haman
55.2%
Enoch
55.2%
Jesse
51.7%
Hiram
43.9%

You're not logged in!

Compare scores with friends on all Sporcle quizzes.
OR
Log In

You Might Also Like...

Show Comments

Extras

Top Quizzes Today


Score Distribution

Your Account Isn't Verified!

In order to create a playlist on Sporcle, you need to verify the email address you used during registration. Go to your Sporcle Settings to finish the process.

Report this User

Report this user for behavior that violates our Community Guidelines.

Details: